000 00874cab a2200217 4500
001 WB2815-40
008 090401t1992 xxu||||| |||| 00| 0 eng d
035 _a(Sirsi) u73265
041 _aeng
245 _aEnforcement notice
260 _c1992
350 _a0
490 _aEstates Gazette Case Summaries
_v(1992) EGCS 46(2) (4/4/92)
520 _a"F G Whitley & Sons Co Ltd v SoS for Wales and another" CA 24 March 1992. Approval for development in an area of outstanding natural beauty was granted by the SoS after both the commencement of work and the refusal of permission by a local planning authority, but after an enforcement notice was served. The developers were unsuccessful on appeal.
650 _aAONB
650 _aENFORCEMENT NOTICES
650 _aPLANNING PERMISSION
690 _aPLANNING LAW AND PRACTICE
942 _n0
948 _c04/03/1997
999 _c46332
_d46332